000 01627nam a2200337 i 4500
003 DO-SdBNP
005 20240715125123.0
007 ta
008 180716s2021 dr ao 000 0 spa d
020 _a9789945929645
040 _aDO-SdBNP
_bspa
_cBNPHU
_erda
082 4 _a759.97293
_bN973a
_222
100 1 _aNúñez, Elsa,
_d1943-
_914462
_eautor
245 1 0 _aAlma adentro = Into the soul = intérieurs de l'âme :
_bElsa Núñez ; exposición antológica = anthological exhibition catalogue = exposition anthologique, catalogue d'exposition /
_cElsa Núñez ; presentación, Maria Amalia León ; traducción, Julia Scrive-Loyer, Ismérie Pajot ; fotografías, Daniel Collado, Mariano Hernández.
246 3 1 _a Into the soul ; Elsa Núñez :
_banthological exhibition catalogue
246 3 1 _a Intérieurs de l'âme ; Elsa Núñez :
_b exposition anthologique ; catalogue d'exposition
264 1 _aSantiago de los Caballeros, República Dominicana :
_bFundación Eduardo León Jimenes,
_c2021.
300 _a191 páginas :
_bilustraciones, fotografías ,
_c32 cm.
336 _2rdacontent
_atexto
_btxt
337 _2rdamedia
_asin mediación
_bn
338 _2rdacarrier
_avolumen
_bnc
500 _aTexto en español, ingles, francés
590 _aInventariado, 2018/ YL
700 1 _aScrive-Loyer, Julia,
_etraducción
_975352
700 1 _aPajot, Ismérie,
_etraducción
_974661
700 1 _aYunén, Rafael Emilio,
_d1952-
_efotografías
_92304
700 1 _aGuerrero, Myrna,
_d1951-
_efotografías
_959874
700 1 _aLeón, Maria Amalia,
_epresentación
_957578
910 _aYLockward
942 _2ddc
_cLBS1
999 _c55418
_d55418